000 01093cam a2200217 4500
001 ABS63293
008 000000n2000 000 0 eng u
035 _a(Sirsi) u110143
100 _aBrewer, G
245 _aDecision was not enforced due to one-sided evidence
260 _c2000
490 _aContract Journal
_v406(6308) 20 December 2000, 21(1)
520 _aLooks at the case of "Woods Hardwick Ltd v Chiltern Air Conditioning", where the issue involved procedural requirements in adjudication to ensure impartiality and observance of the rules of natural justice. The implication of this case is that any perception of impartiality by one party objectively held may be sufficient to prevent an enforcement of an adjudicator's decision.
590 _aABS
650 _aMANAGEMENT-DISPUTE AVOIDANCE, MANAGEMENT AND RESOLUTION-DISPUTE MANAGEMENT AND RESOLUTION-ALTERNATIVE DISPUTE RESOLUTION-ADJUDICATION
650 _aIMPARTIALITY
650 _aWOODS HARDWICK LTD V CHILTERN AIR CONDITIONING
650 _aNATURAL JUSTICE
690 _aDispute resolution
_96236
942 _n0
999 _c65680
_d65680